Dirk Pitt Novels Quiz Stats

 Plays Quiz Updated Nov 19, 2013

     
Support Sporcle.
Go Orange.
Score 0/22 Timer 08:00
0 Plays Today
Novel % Correct
Sahara
74%
Raise the Titanic!
68.4%
Iceberg
52.7%
Inca Gold
49.7%
The Mediterranean Caper
47.1%
Treasure
46.7%
Pacific Vortex!
45.5%
Dragon
43.5%
Cyclops
43.2%
Atlantis Found
41%
Valhalla Rising
40.7%
Novel % Correct
Vixen 03
39.8%
Deep Six
39.4%
Shock Wave
35.5%
Night Probe!
35.2%
Black Wind
35%
Flood Tide
34.5%
Treasure of Khan
30.7%
Trojan Odyssey
29.6%
Arctic Drift
28.9%
Poseidon's Arrow
25%
Crescent Dawn
24.4%

From the Vault

28 Ways Not to 'Dine'

by timmylemoine1

Sporcle tries not to give restaurant advice, but we do offer pointers on word choice.
Remove Ads.
Support Sporcle.
Get the best of Sporcle when you Go Orange. This ad-free experience offers more features, more stats, and more fun while also helping to support Sporcle. Thank you for becoming a member.

Show Comments

Extras

Top Quizzes Today


Score Distribution

Your Account Isn't Verified!

In order to create a playlist on Sporcle, you need to verify the email address you used during registration. Go to your Sporcle Settings to finish the process.

Report this User

Report this user for behavior that violates our Community Guidelines.

Details: